| 000 | 00727nam a22001337a 4500 | ||
|---|---|---|---|
| 040 | _cRUA | ||
| 082 | _aAED HEM 2018 B657 Or.1 | ||
| 100 | _aHEM SINAT ហែម ស៊ីណាត | ||
| 245 | _athe study on economic efficiency of poul try farm in phearimeanchey commune, basedth district, kampong pseu province ការសិក្សារអំពីប្រសិទ្ធភាពសេដ្ឋកិច្ចកសិដ្ឋានចិញ្ចឹមមាន់យកសាច់នៅឃុំភារីមានជ័យ ស្រុកបសេដ្ឋ ខេត្តកំពង់ស្ពឺ | ||
| 260 |
_aRUA _bPhnom penh _c2018 |
||
| 300 |
_aviii;43p _bill; _c29cm |
||
| 856 | _uHEM SINAT | ||
| 942 | _cAED | ||
| 999 |
_c18733 _d18733 |
||